| 000 | 01026nam a2200313 i 4500 | ||
|---|---|---|---|
| 001 | 35449 | ||
| 003 | BD-RjUL | ||
| 005 | 20211209052325.0 | ||
| 008 | 140525s1975 pau b 001 0 eng d | ||
| 020 | _a0470926988 | ||
| 035 | _a(BD-RjUL)35543 | ||
| 040 |
_aDLC _cDLC _dDLC _dBD-RjUL _beng |
||
| 041 | _aeng | ||
| 060 |
_aW1 BE516 v. 3 _aQH455 D383 |
||
| 082 | 0 | 0 |
_a576.58 _222 _bDEM 1975 |
| 245 | 0 | 0 |
_aDemographic genetics / _cedited by Kenneth M. Weiss and Paul A. Ballonoff. |
| 260 |
_aStroudsburg, Pa. : _bDowden, Hutchinson & Ross ; _a[New York] : _bdistributed by Halsted Press, _cc1975. |
||
| 300 |
_axv, 414 p. : _bill ; _c26 cm. |
||
| 490 | 0 | _aBenchmark papers in genetics ; v. 3 | |
| 504 | _aBibliography: [397]-405. and Index | ||
| 650 | 0 |
_aHuman population genetics. _936282 |
|
| 650 | 0 |
_aDemography. _9107927 |
|
| 650 | 2 |
_aGenetics, Population. _936361 |
|
| 700 | 1 |
_aWeiss, Kenneth M. _9107928 |
|
| 700 | 1 |
_aBallonoff, Paul A. _934366 |
|
| 942 |
_2ddc _cBK |
||
| 999 |
_c35449 _d35449 |
||